000 00344 a2200109 4500
001 ART_37964
005 20260410161751.0
008 260409a
245 1 0 _aLas facturas común y electrónica y el nuevo Código unificado
100 1 _aGarcía, Fernando D.
773 0 _tDoctrina tributaria
_g- Nº 426 (sep. 2015)
_wREV4296
999 _c19660
_d19660